000 00554nam a2200169Ia 4500
008 090711s9999 xx 000 0 und d
082 _b71607
100 _aमंगेशकर गीता / बांदोडकर गौरी
245 _aहेमा
260 _c1993
300 _a184
600 _aमंगेशकर गीता / बांदोडकर गौरी
630 _aहेमा
700 _aमंगेशकर गीता / बांदोडकर गौरी
730 _aहेमा
942 _cBOOK
999 _c304137
_d304137